Štúdium jazyka v zahraničí prostredníctvom SAIA

Bibliographic Details
Format: Article
Language:Slovak
Subjects:

MARC

LEADER 00000nab a2200000 a 4500
001 vtls001512165
003 SK-MaSNL
005 20260303094550.0
008 050227s2003 xo 000 0 slo
035 |a SPKCL14492 
040 |a SPKCL  |b slo  |c SNKBUCL  |d SPK(DB)  |e AACR2 
041 |a slo 
044 |a xo  |c SK 
080 |a 372.880:061.23(437.6)  |2 1981 
245 0 0 |a Štúdium jazyka v zahraničí prostredníctvom SAIA 
610 2 7 |a Slovenská akademická informačná agentúra  |2 snkbucl  |9 30758 
650 0 7 |a vyučovanie jazykov  |2 snkbucl  |9 31418 
773 1 |t Bulletin SAIA, č. 1 s. 13-17 
850 |a Slovenská pedagogická knižnica Bratislava 
852 |a SPKCL  |b KIS3GCP  |b 000710000  |n SK 
999 |c 1821321  |d 1823251